00826nam a2200253 i 4500001001000000003000900010005001700019007000300036008004100039040003000080041000800110082002900118100005000147245004300197250002500240264007400265300002800339336002700367337003300394338002700427650003500454650002700489651005600516000045117DO-SdBNP20251113125424.0ta150203s1995 dr 000 f spa d aDO-SdBNPbspacBNPHUerda aspa 4aRD863.44bB171c 19952221 a Balaguer, Joaquín,d1906-2002eautor4aut.14aLos carpinteros /cJoaquín Balaguer. aUndécima edición 4aSanto Domingo, República Dominicana : bEditora Corripio,c©1995. a431 páginas ;c23 cm. atextobtxt2rdacontent asin mediaciónbn2rdamedia avolumenbn2rdacarrier 4aNovela histórica dominicana. 4aLiteratura dominicana. 4aRepública DominicanaxHistoriay1844-1930vNovela